Nâng cao năng lực hiểu biết về đối tượng giáo dục Dành cho giáo viên mầm non Quyển 1 MN1 - MN2 - MN3

Trình bày 3 Module về: đặc điểm phát triển thể chất, phát triển tình cảm, kĩ năng xã hội và phát triển ngôn ngữ ở trẻ mầm non và kết quả mong đợi ở trẻ mầm non trong về các khía cạnh này

שמור ב:
מידע ביבליוגרפי
מחבר ראשי: Đặng Hồng Phương
מחברים אחרים: Nguyễn Thị Minh Thảo, Nguyễn Thị Thu H
פורמט: ספר
שפה:Vietnamese
יצא לאור: H. Đại học Sư phạm Giáo dục 2014
מהדורה:Tái bản lần thứ nhất
סדרה:Tài liệu bồi dưỡng phát triển năng lực nghề nghiệp giáo viên
נושאים:
תגים: הוספת תג
אין תגיות, היה/י הראשונ/ה לתייג את הרשומה!
Thư viện lưu trữ: Mạng thư viện Đại học Đà Nẵng
LEADER 02043nam a2200421 4500
001 000024337
003 20825
005 20161201081253.0
008 161124s2014 viesd
020 |c 29000đ 
041 0 |a vie 
082 1 4 |a 372.18  |b ĐĂ-P 
100 1 |a Đặng Hồng Phương 
245 1 0 |a Nâng cao năng lực hiểu biết về đối tượng giáo dục  |b Dành cho giáo viên mầm non  |c Đặng Hồng Phương, Nguyễn Thị Thu Hà, Nguyễn Thị Minh Thảo  |n Quyển 1  |p MN1 - MN2 - MN3 
250 |a Tái bản lần thứ nhất 
260 |a H.  |b Đại học Sư phạm  |b Giáo dục  |c 2014 
300 |a 135 tr.  |b bảng  |c 24 cm. 
490 |a Tài liệu bồi dưỡng phát triển năng lực nghề nghiệp giáo viên 
500 |a ĐTTS ghi: Bộ Giáo dục và Đào tạo. Cục Nhà giáo và Cán bộ quản lí cơ sở giáo dục 
504 |a Thư mục cuối mỗi phần 
520 3 |a Trình bày 3 Module về: đặc điểm phát triển thể chất, phát triển tình cảm, kĩ năng xã hội và phát triển ngôn ngữ ở trẻ mầm non và kết quả mong đợi ở trẻ mầm non trong về các khía cạnh này 
650 0 4 |a Giáo dục mầm non  |v Tài liệu bồi dưỡng  |x Tâm lý học sinh 
653 |a Giáo dục mầm non 
653 |a Năng lực giáo dục 
653 |a Đối tượng giáo dục 
700 1 |a Nguyễn Thị Minh Thảo 
700 1 |a Nguyễn Thị Thu Hà 
773 |t Nâng cao năng lực hiểu biết về đối tượng giáo dục  |w 20823 
OWN |a LSP 
AVA |a UDN50  |b LSP  |d 372.18 ĐĂ-P  |e available  |t Error 5001 Not defined in file expand_doc_bib_avail.  |f 10  |g 0  |h N  |i 0  |k 1 
999 |a From the UDN01 
AVA |a UDN50  |b LSP  |d 372.18 ĐĂ-P  |e available  |t Error 5001 Not defined in file expand_doc_bib_avail.  |f 10  |g 0  |h N  |i 0  |k 1 
TYP |a Monograph 
TYP |a Printed language 
980 |a Mạng thư viện Đại học Đà Nẵng